001710000a220007300045001000019000002450024000193000042000437730012000851 aStill, William10aWhat of the future? aVol. 5, Núm 3 (1987), Páginas 2-80 tEvangel